000 01011nam a22003017a 4500
001 BR0602821
003 BR-BrBNA
005 20230928102216.0
007 ta
008 230509b bl.||||| |||| 00| 0 por d
040 _aBR-BrBNA
_bpor
_cBiblioteca Nacional de Agricultura
041 _a(Por)
072 _aF30
_b0230
090 _ 0230 BR0602821
100 1 _aAlbino, J. de C.
110 1 _aCentro de Energia Nuclear na Agricultura, Piracicaba, SP (Brasil)
_0Tese (Mestre em Ciências)
245 1 _aMapeamento genético em cana-de-açúcar (Saccharum spp.)utilizando sondas heterólogas de sorgo e genes análogos de resistência
260 3 _aPiracicaba, SP (Brasil):
_c2006.
300 _a121 p.
500 _aSummaries (Eng, Por); Bibliography p. 100-109; 26 illus.; 11 tables
650 _aCANA DE AÇÚCAR
650 _aMARCADOR MOLECULAR
650 _aGENE
650 _aMELHORAMENTO GENÉTICO VEGETAL
650 _aPOLIPLOIDIA
909 _a202309
_bLucia
_c55
_dLucia Elande
942 _cBK
999 _c69659
_d69659